Estadística descriptiva (Registro nro. 323909)

Detalles MARC
000 -ENCABEZADO
Número de control [NR] 00789nam a22002177a 4500
005 - FECHA Y HORA DE LA ÚLTIMA TRANSACCIÓN
control field 20250513145120.0
008 - DE LONGITUD FIJA DE DATOS DE ELEMENTOS - INFORMACIÓN GENERAL
Elementos de longitud fija [NR] 240221t ||||| |||| 00| 0 spa d
020 ## - NUMERO INTERNACIONAL NORMALIZADO PARA LIBROS [R]
Número Internacional Normalizado del libro [NR] 9789587922479
020 ## - NUMERO INTERNACIONAL NORMALIZADO PARA LIBROS [R]
Número Internacional Normalizado del libro [NR] 9789587922462
040 ## - FUENTE DE CATALOGACION [NR]
Agencia de catalogación original [NR] CO-BoUCM
Quien Cataloga David Moreno
Quien Clasifica David Moreno
041 ## - CODIGO DE IDIOMA [R]
Código de idioma para texto/pista de sonido o título separado [R] Español
100 1# - ASIENTO PRINCIPAL--NOMBRE PERSONAL [NR]
Nombre personal [NR] Aguilar Ibagué, Jesús Elías
ID Autoridad 180023
245 10 - MENCION DE TITULO [NR]
Título [NR] Estadística descriptiva
Parte restante del título [NR] Regresión y probabilidad con aplicaciones
Mención de responsabilidad, etc. [NR] Jesús Elías Aguilar Ibagué
260 ## - PUBLICACION, DISTRIBUCION, ETC. (PIE DE IMPRENTA) [R]
Lugar de publicación, distribución, etc. [R] Bogotá, COL
Nombre del editor, distribuidor, etc. [R] Ediciones de la
Fecha de publicación, distribución, etc. [R] 2021
300 ## - DESCRIPCION FISICA [R]
Extensión [R] 250 Paginas
650 17 - ASIENTO SECUNDARIO DE MATERIA - TERMINO TEMATICO [R]
Término temático o nombre geográfico como elemento de entrada [NR] Economía y negocios
Subdivisión geográfica [R] Colombia
9 (RLIN) 180024
650 17 - ASIENTO SECUNDARIO DE MATERIA - TERMINO TEMATICO [R]
Término temático o nombre geográfico como elemento de entrada [NR] Estadistica
Subdivisión general [R] Datos numericos
9 (RLIN) 180025
650 17 - ASIENTO SECUNDARIO DE MATERIA - TERMINO TEMATICO [R]
Término temático o nombre geográfico como elemento de entrada [NR] Matematicas
Subdivisión general [R] Analisis
9 (RLIN) 180026
942 ## - ELEMENTOS DE ENTRADA AGREGADOS (KOHA)
Sistema de clasificación DEWEY
Tema principal Ciencias aplicadas
Tipo de ítem principal el descrito en 300a Libro
Edición 1
Clasificación 519.5
Parte restante de la signatura top. A283e
Título oculto en OPAC No
Existencias
Signatura topográfica Código de barras Última vez visto Ejemplar Costo de reposición Price effective from Tipo de ítem Perdido Sistema de clasificación Dañado No prestable Tipo de ítem específico Suprimido Ubicación habitual Ubicación actual Localización Fecha de creación Forma de adquisición Costo
519.5 A283e 100172336 04/12/2025 Ej.1 26000.00 21/02/2024 Libro   DEWEY     Libro   Claustro Procesos Técnicos (no para préstamo) 4to piso 21/02/2024 Donación 53100.00